| 000 | 00814nam a2200301Ia 4500 | ||
|---|---|---|---|
| 008 | 170712s9999 xx 000 0 und d | ||
| 020 | _a375422854 | ||
| 050 | _a327.11 | ||
| 050 | _bM263 2004 | ||
| 100 | _aMamdani, Mahmood | ||
| 245 | _aGood Muslim, bad Muslim : | ||
| 245 | _bAmerica, the cold war and the roots of terror / | ||
| 245 | _cby Mahmood Mamdani. | ||
| 260 | _aPhilippines : | ||
| 260 | _bAnvil, | ||
| 260 | _c2004 | ||
| 300 | _a304 pages : | ||
| 300 | _billustrations ; | ||
| 300 | _c20cm. | ||
| 650 | _aCold war. | ||
| 650 | _aTerrorism -- | ||
| 650 | _aTitle. | ||
| 650 | _aUnited States -- | ||
| 650 | _aUnited States -- | ||
| 650 | _xForeign relations -- Afganistan. | ||
| 650 | _xForeign relations -- Developing countries. | ||
| 650 | _xPolotical aspects -- History. | ||
| 999 |
_c340269 _d340269 |
||